Vietnamese English dictionary = Việt - Anh từ điển

में बचाया:
ग्रंथसूची विवरण
मुख्य लेखक: Nguyễn, Văn Khôn
स्वरूप: पुस्तक
भाषा:Undetermined
प्रकाशित: Sài Gòn Khai Trí 1966
विषय:
टैग : टैग जोड़ें
कोई टैग नहीं, इस रिकॉर्ड को टैग करने वाले पहले व्यक्ति बनें!
Thư viện lưu trữ: Trung tâm Học liệu Trường Đại học Cần Thơ
LEADER 00640nam a2200205Ia 4500
001 CTU_26162
008 210402s9999 xx 000 0 und d
082 |a 495.9223 
082 |b Kh454 
100 |a Nguyễn, Văn Khôn 
245 0 |a Vietnamese English dictionary = 
245 0 |b Việt - Anh từ điển 
245 0 |c Nguyễn Văn Khôn 
260 |a Sài Gòn 
260 |b Khai Trí 
260 |c 1966 
650 |a English language,Vietnamese language 
650 |x Dictionaries,Dictionaries 
904 |i Minh, 981009. Qhieu đã sửa trong CSDL 
980 |a Trung tâm Học liệu Trường Đại học Cần Thơ